| 000 | 00561nam a2200157 a 4500 | ||
|---|---|---|---|
| 008 | 120416s1970 ||||||||||||||||| || u | ||
| 050 | _aJQ 1915 Pot | ||
| 100 | _aPotholm, Chhristian P | ||
| 245 | 1 | 0 | _aFour African political systems |
| 260 |
_aEnglewood Cliffs, N. J. _bFT Prentice-Hall _c1970 |
||
| 300 | _aix, 308p. | ||
| 350 | _a0.00 | ||
| 650 | _aPOLITICS | ||
| 650 | _aPOLITICAL SYSTEMS--AFRICA | ||
| 995 |
_D0.00 _FCBU-MAIN LIBRARY (Kitwe) _H1 _I4.40 _M1 _UAVAILABLE _ZMain Library Open Access Collection |
||
| 999 |
_c43923 _d43923 |
||